000 00574nam a22001817a 4500
005 20250919144448.0
008 250911b |||||||| |||| 00| 0 eng d
020 _a9781394323494
082 _aDC 621.4021 P281 2025
100 _aPauken, Michael.
_967374
245 _aThermodynamics for dummies /
_cMichael Pauken.
250 _aSecond edition.
260 _aNew Jersey :
_bJohn Wiley & Sons, Inc.,
_c©2025.
300 _axiii, 381 pages :
_billustrations ;
_c23 cm.
500 _aIncludes index.
650 0 _aThermodynamics.
_bThermodynamics.
_967917
942 _2ddc
_cDC
999 _c23734
_d23734